[Event "SVK-chT2D 2122"]
[Site "Slovakia"]
[Date "2021.10.17"]
[Round "2.7"]
[White "Piroh, Damian"]
[Black "Pacholsky, Radovan"]
[Result "1-0"]
[WhiteElo "1806"]
[BlackElo "1775"]
[PlyCount "73"]
[EventDate "2021.10.16"]
[EventType "team-tourn"]
[EventRounds "11"]
[EventCountry "SVK"]
[SourceTitle "EXT 2023"]
[Source "ChessBase"]
[SourceDate "2022.10.05"]
[SourceVersion "1"]
[SourceVersionDate "2022.10.05"]
[SourceQuality "1"]
[WhiteTeam "Presov Slavia PU"]
[BlackTeam "Margecany"]
[WhiteTeamCountry "SVK"]
[BlackTeamCountry "SVK"]

1. d4 d5 2. c4 c6 3. Nf3 Nf6 4. e3 g6 5. Nc3 Bg7 6. Be2 0-0 7. 0-0 a6 8. b3 b6 9. Ne5 Qc7 10. f4 dxc4 11. bxc4 Nbd7 12. Qb3 Bb7 13. Ba3 Rfe8 14. Rab1 Rab8 15. Na4 Bc8 16. c5 Nd5 17. e4 bxc5 18. Qc4 Rxb1 19. Rxb1 Nxe5 20. fxe5 Nf4 21. Nxc5 Nxe2+ 22. Qxe2 Qa5 23. Bb4 Qb5 24. Kf2 Qxe2+ 25. Kxe2 Bg4+ 26. Kd3 Rd8 27. Kc3 Bc8 28. Ba5 Re8 29. Rb8 f5 30. exf5 gxf5 31. Nxa6 Bd7 32. Bb4 Kf7 33. Rxe8 Kxe8 34. Nc5 Bc8 35. a4 Bd7 36. a5 Kd8 37. a6 1-0